| 000 | 00611nam a2200205 4500 | ||
|---|---|---|---|
| 001 | 119351 | ||
| 003 | ES-MaACL | ||
| 005 | 20230906191308.0 | ||
| 007 | t| | ||
| 008 | 070214s1949 xxk r ||||1| eng d | ||
| 100 | 1 |
_aPhillips, Margaret Mann. _991700 |
|
| 245 | 1 | 0 |
_aErasmus and the northern renaisance / _cby Margaret Mann Phillips. |
| 250 | _a1ยช. ed. | ||
| 260 |
_aLondon : _bHodder & Stoughton Limited, _c1949. |
||
| 300 |
_aXXV, 236 p. ; _c18 cm. |
||
| 490 | 1 | _aTeach yourself history | |
| 830 | 0 |
_aTeach yourself history _9218590 |
|
| 852 |
_aES-MaACL _jB-12886 _bR.29318 |
||
| 999 |
_c119351 _d119351 |
||